00530nam a2200181 a 450000100060000000300090000600800410001504000280005608200170008410000280010124500420012926000620017130000100023365000290024365000130027265000220028565000410030712402CO-ViMGA141112s2004 ck r 000 u spa d aCO-ViMGAbspacCO-ViMGA04a352.086 T15a1 aTamayo, Borrero Enrique10aAdministración Municipal Colombiana aBogotá : bEscuela Superior de Administración Publica a416p.14aADMINISTRACION MUNICIPAL14aCOLOMBIA14aDERECHO MUNICIPAL14aFUNCIONARIOS Y EMPLEADOS MUNICIPALES